Mythical Creatures. Quiz Stats

 Plays Quiz not verified by Sporcle

Challenge
Share
Tweet
Embed
Score 0/30 Timer 12:00
0 Plays Today
Hint Answer % Correct
half man half bullminotaur
95.8%
woman with snake hairmedusa
89.6%
half horse half humancentaur
87.5%
half fish half humanmermaid
87.5%
three headed dog who guarded the gates in hellcerberus
85.4%
cut one head off many grow backhydra
83.3%
big human with one eyecyclops
81.3%
a golden red flaming bird that when it died it gave birth to new onephoenix
81.3%
horse with a single hornunicorn
79.2%
half bird half horsepegasus
77.1%
half goat half humansatyr
75%
huge sea monsterkraken
72.9%
medusa was one of thesegorgon
72.9%
half lion half goat with snake tailchimera
68.8%
three beautiful mermaids that lured sailors to their death and demisesirens
68.8%
Hint Answer % Correct
half eagle half liongriffin
66.7%
half bird half humanharpy
62.5%
body of a lion, wings of a bird and face of a womansphinx
58.3%
huge monster usually holding a club :)troll
56.3%
hercules fought this lionnemean lion
43.8%
lion with tail spikes, sometimes depicted with a mans facemanticore
43.8%
lover of poseidon who was transformed into a many headed tentacled monster that fed on sailors by circescylla
41.7%
look into its eyes you turn to stone and poison breathbasilisk
39.6%
a sea monster who's inhalations formed whirlpoolscharybdis
22.9%
two headed serpent tailed dog, slain by herculesorthrus
16.7%
sea creatures with the fore parts of horses and tails of fishhippocampi
14.6%
a giant boar that hercules was sent to kill for one of his laborserymanthian boar
12.5%
an immortal horse that could run at blinding speedsarion
12.5%
skilled metal workers with heads of dogs and flippers of sealstelekhines
8.3%
half tree half humandruid
6.3%

You're not logged in!

Compare scores with friends on all Sporcle quizzes.
Join for Free
OR
Log In

You Might Also Like...

Show Comments

Extras

Created Dec 22, 2013ReportNominate
Tags:creature

Top Quizzes Today


Score Distribution

Your Account Isn't Verified!

In order to create a playlist on Sporcle, you need to verify the email address you used during registration. Go to your Sporcle Settings to finish the process.

Report this User

Report this user for behavior that violates our Community Guidelines.

Details: